000 00721nam a2200205 i 4500
001 187347
003 SpMaBN
005 20260511145843.0
008 170612s1938 fr a |||| | fre d
080 _a821.133.1-31"19"
100 _aTroyat, Henri,
_d1911-2007
_9233580
245 1 0 _aFaux jour /
_cHenri Troyat ; 41 bois originaux d'Irène Kolsky.
260 _aParis :
_bLibrairie Arthème Fayard,
_c[1938]
300 _a125 p. :
_bil. ;
_c24 cm.
490 1 _aLe livre de deman ;
_v192
700 1 _aKolsky, Irène,
_d1909-1938
_9163032
830 0 _aLe livre de deman ;
_v192
_9225558
852 _aES-MaACL
_jL-31699
_z. - Donat. herederos de la bibl. de Mª del Pilar Costa Palacín
999 _c187347
_d187347